000 00259nam a2200097Ia 4500
008 220204s9999 xx 000 0 und d
082 _a351(548.3)
_bKER
245 0 _aKerala state administration report for 1972-73
260 _bGovt of Kerala
_c1975
942 _cBK
999 _c23332
_d23332